000 00543nam a2200181Ia 4500
008 090124s9999 xx 000 0 und d
082 _b12337
100 _aनरवणे कविता
245 _a अकल्पित
250 _a1
260 _bविश्र्वकर्मा साहित्यालय़
_c1979
300 _a144
600 _aनरवणे कविता
630 _a अकल्पित
700 _aनरवणे कविता
730 _a अकल्पित
942 _cBOOK
999 _c87477
_d87477